Stati insulari per Popolazione - Statistics

Statistiche generali
  • Questo quiz è stato fatto 17 volte
    15 dall'ultimo reset
  • Il punteggio medio è 9 su 10
Statistiche sulle risposte
Popolazione (ab.) Continente Nazione % Corretto
123 294 513 Asia Giappone
100%
278 954 935 Asia Indonesia
100%
67 736 802 Europa Regno Unito
100%
11 1194 449 America del Nord Cuba
93%
30 325 732 Africa Madagascar
93%
117 337 368 Asia Filippine
86%
11 724 764 America del Nord Haiti
86%
10 329 931 Oceania Papua Nuova Guinea
86%
11 332 973 America del Nord Repubblica Dominicana
86%
21 893 579 Asia Sri Lanka
86%
Nessun quiz corrispondente trovato
Distribuzione punteggi
Percentuale di utenti per punteggio
Percentile per numero di risposta
I tuoi punteggi nel tempo
Non hai fatto questo quiz dall'ultimo reset